| 000 | 00408nam a2200169Ia 4500 | ||
|---|---|---|---|
| 003 | SGT | ||
| 020 | _a9788131709832 | ||
| 082 |
_a5.1 _bKUN |
||
| 100 | _aKunth,D.E | ||
| 245 | 4 | _aThe art of computer programming | |
| 250 | _a2nd . . Ed. | ||
| 260 |
_bPearson _aN.Delhi _c2010 |
||
| 300 | _a780p. | ||
| 650 | _aCOMPUTER SCIENCE | ||
| 653 | _aSORTING,SEARCHING,TABLE OF NUMERICAL QUANTITIES | ||
| 942 |
_2ddc _cBK |
||
| 999 |
_c5344 _d5344 |
||